000 00250 a2200097 4500
001 32160
100 _aMalyshcv,Veniamin Vasilyevich
245 _aOptimization of Observation and control process
260 _aUSA
_bAIAA
_c1992
090 _c21605
_d21605
942 _aNUST-CAE
_cM
_c12898
999 _c267233
_d267233